000 00295nam a22001217a 4500
008 180515b xxu||||| |||| 00| 0 eng d
041 _aeng
080 _a043.3
100 _a0
101 _aMBE-BA
245 _aZhvillimi dhe Trajnimi i Punonjesve ne NVM Kosovare
_cRexhepi, R
942 _2udc
_cBK
999 _c45824
_d45824